Municípios da área de cobertura da Globo São Paulo - Statistics

Estatísticas Gerais
  • Esse quiz foi jogado 45 vezes
  • A pontuação média é 19 de 30
Estatísticas das Respostas
Municípios % Correto
Osasco
95%
São Paulo
95%
Guarulhos
87%
Santo André
87%
São Bernardo do Campo
84%
Diadema
82%
São Caetano do Sul
82%
Barueri
76%
Mauá
74%
Embu das Artes
71%
Cajamar
68%
Taboão da Serra
68%
Jandira
66%
Cotia
63%
Francisco Morato
63%
Itapecerica da Serra
63%
Carapicuíba
61%
Itapevi
61%
Embu-Guaçu
55%
Franco da Rocha
55%
Mairiporã
55%
Caieiras
53%
Santana de Parnaíba
53%
Ribeirão Pires
50%
Rio Grande da Serra
50%
São Lourenço da Serra
39%
Juquitiba
32%
Pirapora do Bom Jesus
32%
Vargem Grande Paulista
32%
Ibiúna
16%
Nenhum quiz correspondente encontrado
Distribuição das Pontuações
Porcentagem de Pessoas com Cada Pontuação
Percentil de Números Respondidos
Sua Pontuação Histórica
Você não jogou esse quiz